Statistiques concernant Focus sur: Arwen - Tolkien

Cliquez ici pour prendre le quiz!

Statistiques générales

  • Ce quiz a été pris 41 fois
  • Le résultat moyen est 13 sur 22

Statistiques - réponses

Informations recherchéesRéponses% Correct
EpouxAragorn II
100%
EspèceElfe/Mortelle
100%
Couleur des cheveuxBrun/Noir
98%
Première mentionLe Seigneur des Anneaux: La Communauté de l'Anneau
95%
Profession et titreReine du Royaume Réunifié
95%
Elerondiel
93%
PèreElrond
93%
Ages durant lequel elle vécutTroisième/Quatrième
88%
CitésFondcombe
85%
Royaume Réunifié
70%
Minas Tirith
65%
Actrice l'interprétant dans les filmsLiv Tyler
58%
Lothlórien
48%
Groupe de l'espèceSindar
48%
MèreCelebrían
35%
Contrées et royaumesEriador
35%
Etoile du Soir
33%
Elrohir
30%
FilsEldarion
28%
FrèresElladan
28%
Surnoms et autres nomsUndómiel
23%
Vanimelda
0%

Distribution des résultats

Percentile par nombre de réponses

% des personnes avec chaque résultat

Votre développement - résultats

Vous n’avez pas pris ce quiz